Capitalismo periférico crisis y transformación (Registro nro. 33695)

Detalles MARC
000 -ENCABEZADO
Número de control [NR] 00742nam a2200217Ia 4500
008 - DE LONGITUD FIJA DE DATOS DE ELEMENTOS - INFORMACIÓN GENERAL
Elementos de longitud fija [NR] 130821s1981 mx gr spa
020 ## - NUMERO INTERNACIONAL NORMALIZADO PARA LIBROS [R]
Número Internacional Normalizado del libro [NR] 9681608194
040 ## - FUENTE DE CATALOGACION [NR]
Agencia de catalogación original [NR] Co-BoUCM
Idioma de catalogación [NR] spa
041 00 - CODIGO DE IDIOMA [R]
Código de idioma para texto/pista de sonido o título separado [R] Español
100 ## - ASIENTO PRINCIPAL--NOMBRE PERSONAL [NR]
Nombre personal [NR] Prebisch, Raul
245 00 - MENCION DE TITULO [NR]
Título [NR] Capitalismo periférico crisis y transformación
Mención de responsabilidad, etc. [NR] Raul Prebisch
260 ## - PUBLICACION, DISTRIBUCION, ETC. (PIE DE IMPRENTA) [R]
Lugar de publicación, distribución, etc. [R] México D.F. (México)
Nombre del editor, distribuidor, etc. [R] Fondo de Cultura Economica
Fecha de publicación, distribución, etc. [R] 1981
300 ## - DESCRIPCION FISICA [R]
Extensión [R] 344 páginas
490 ## - MENCION DE SERIE [R]
Mención de serie [R] Seccion de Obras de Economia
650 04 - ASIENTO SECUNDARIO DE MATERIA - TERMINO TEMATICO [R]
Término temático o nombre geográfico como elemento de entrada [NR] Capitalismo
Subdivisión geográfica [R] América Latina
9 (RLIN) 10463
650 04 - ASIENTO SECUNDARIO DE MATERIA - TERMINO TEMATICO [R]
Término temático o nombre geográfico como elemento de entrada [NR] Economía
9 (RLIN) 174
650 04 - ASIENTO SECUNDARIO DE MATERIA - TERMINO TEMATICO [R]
Término temático o nombre geográfico como elemento de entrada [NR] Sistemas económicos
9 (RLIN) 24652
651 ## - ASIENTO SECUNDARIO DE MATERIA - NOMBRE GEOGRAFICO [R]
Nombre geográfico [NR] América Latina
Subdivisión general [R] Condiciones económicas
9 (RLIN) 26570
942 ## - ELEMENTOS DE ENTRADA AGREGADOS (KOHA)
Tipo de ítem principal el descrito en 300a Libro
Tema principal Economía
Edición 1
Parte restante de la signatura top. P73
Sistema de clasificación DEWEY
Clasificación 330.122
Existencias
Fecha de último préstamo Total préstamos Total Renewals Signatura topográfica Código de barras Última vez visto Volúmen / Fascículo Ejemplar Price effective from Tipo de ítem Nota pública (OPAC) Perdido Sistema de clasificación Dañado No prestable Tipo de ítem específico Suprimido Ubicación habitual Ubicación actual Localización Fecha de creación Forma de adquisición Costo
19/07/2013 8 1 330.122 P73 100025562 03/12/2025 1A. ED. Ej.1 03/02/2013 Libro Spot Teoría Económica   DEWEY     Libro   Claustro Claustro Mezanine 28/02/2003 Compra 9600.00
21/04/2012 7   330.122 P73 100032750 03/12/2025 1A. ED. Ej.2 03/02/2013 Libro Spot Teoría Económica   DEWEY     Libro   Claustro Claustro Mezanine 28/02/2003 Compra 9600.00
14/05/2015 7 3 330.122 P73 100042275 03/12/2025 1A. ED. Ej.3 03/02/2013 Libro Spot Teoría Económica   DEWEY     Libro   Claustro Claustro Mezanine 28/02/2003 Compra 13300.00